000 00843cam a22002897a 4500
003 CHAP
005 20220329134058.0
008 971013s1940 r 00010 d
010 _a15102
011 _a16074
035 _a20152
040 _cCHAP
082 _a630.9
_bG73 1940
100 0 0 _aGras, Norman Scott Brien.
_950441
245 1 2 _aA history of agriculture in Europe and America
250 _a2 ed.
260 _aNew York :
_bCrofts,
_c1940
300 _a496 p
590 _aBATCH-UPD
_b10
_c20130110
_lUCH01
_h1030
590 _aCONVERSION
_b10
_c20130109
_lUCH01
_h1310
650 1 4 _aAgricultura
_xHistoria.
_91507
650 1 4 _aAgricultura
_xHistoria
_xE.U.A.
_91513
650 1 4 _aAgricultura
_xHistoria
_xEuropa.
_91515
901 _aBK
942 _cLIBRO
949 _a630.9 G73 1940
_bBC
_cLIBRO
_d-47060
_eLIBRO
_h20349
_i20152
_si
999 _c15102
_d15102